| 000 | 01057nam a2200277Ia 4500 | ||
|---|---|---|---|
| 003 | OSt | ||
| 005 | 20220923211554.0 | ||
| 006 | a|||||r|||| 00| 0 | ||
| 007 | ta | ||
| 008 | 220922b |||||||| |||| 00| 0 hin d | ||
| 020 |
_a9789385450686 (hbk) _c250 |
||
| 024 | _a324,652 | ||
| 037 |
_b383, 10/03/2018, Eastern Book Linkers _cTextual |
||
| 040 |
_aARTS _cARTS _bhin |
||
| 041 |
_2hin _ahin |
||
| 082 | _aO152,2:g(NT), Q7 | ||
| 100 |
_aत्रिपाठी, सत्यदेव, ले. _9158876 |
||
| 245 | 0 |
_aहिन्दी रंगमंच _b समकालीन विमर्श |
|
| 246 | _aHindī rangahincha: samakālīn vimarsha | ||
| 260 |
_aनई दिल्ली _b अनन्य प्रकाशन _c2017 |
||
| 300 |
_a128पृ. _ccm. |
||
| 650 |
_a रंगमंच _9156320 |
||
| 650 | _aहिन्दी नाटक | ||
| 942 |
_hO152,2:g(NT), Q7 _cTEXL _2CC |
||
| 999 |
_c300869 _d300869 |
||